000 00611nam a2200277Ia 4500
005 20260324125000.0
008 008 260324s9999 xx 000 0 eng d
020 _a9780080888248
037 _aEBOOK
040 _aCRL
040 _beng
040 _cCRL
041 _2eng
041 _aeng
084 _qCRL
100 _aShawn Barnett
_91176245
245 0 _aSony A200
260 _bTaylor and Francis
260 _c2009
365 _a
365 _b300
856 _uhttp://www.taylorfrancis.com/books/9780080888248
942 _cEBOOK
999 _c1771110
_d1771110